Elementos de biomatemática (Registro nro. 120111)

Detalles MARC
000 -LEADER
campo de control de longitud fija 00662nam a2200181 4500
001 - NÚMERO DE CONTROL
campo de control 120111
003 - IDENTIFICADOR DE NÚMERO DE CONTROL
campo de control ES-MaACL
007 - CAMPO FIJO DE DESCRIPCIÓN FÍSICA--INFORMACIÓN GENERAL
campo de control de longitud fija t|
008 - DATOS DE LONGITUD FIJA--INFORMACIÓN GENERAL
campo de control de longitud fija 070214s1981 sp r ||||1| spa d
100 0# - ENTRADA PRINCIPAL--NOMBRE DE PERSONA
Nombre de persona Pérez de Vargas, Alberto
9 (RLIN) 90813
245 10 - MENCIÓN DEL TÍTULO
Título Elementos de biomatemática
Resto del título : una introducción al método de la biología matemática /
Mención de responsabilidad, etc. Alberto Pérez de Vargas, Cristina Martínez Calvo, Jesús López-Sánchez.
260 ## - PUBLICACIÓN, DISTRIBUCIÓN, ETC.
Lugar de publicación, distribución, etc. Madrid :
Nombre del editor, distribuidor, etc. Fragua,
Fecha de publicación, distribución, etc. 1981.
300 ## - DESCRIPCIÓN FÍSICA
Extensión XXIV, 375 p. ;
Dimensiones 24 cm.
700 1# - ENTRADA AGREGADA--NOMBRE PERSONAL
Nombre de persona Martínez Calvo, Cristina.
9 (RLIN) 77913
700 1# - ENTRADA AGREGADA--NOMBRE PERSONAL
Nombre de persona López-Sánchez, Jesús.
9 (RLIN) 73955
852 ## - LOCALIZACIÓN
Ubicación ES-MaACL
Número de control de estantería L-373
Sublocalización o colección R.101312
Existencias
Estatus retirado Estado de pérdida Estado de daño No para préstamo Biblioteca de origen Biblioteca actual Ubicación en estantería Fecha de adquisición Fuente de adquisición Total de préstamos Signatura topográfica completa Código de barras Visto por última vez Precio de reemplazo Tipo de ítem Koha
        Biblioteca del Ateneo de Madrid Biblioteca del Ateneo de Madrid Depósito 2 17/01/2008     L-373 1125196 23/02/2023 23/02/2023 Libro impreso